LEADER 01360nam a2200313 a 4500 001 000000121151 003 CaOOAMICUS 005 20100412151943.0 008 100412t2009 it u000 u ita r 020 $a978-88-598-0377-5 040 $aPUL$bita$dReb 082 04$a347.45 110 1 $aItalia.$kLeggi, statuti, ecc.$0(OLS)http://pul/name/10145 245 10$aCodice commentato dei processi civili davanti al giudice di pace /$ca cura di G. Arieta. 260 $aTorino :$bUTET Giuridica,$cİ2009. 300 $axix, 540 p. ;$c22 cm. 490 1 $aI codici ipertestuali 500 $aSulla coperta: Con banca dati. 500 $aTesto su due colonne. 650 4$aProcesso civile.$0(OLS)http://pul/subject/21811 700 1 $aArieta, Giovanni.$0(OLS)http://pul/name/42650 830 2$aI codici ipertestuali.$0(OLS)http://pul/title/105453 850 $aPUL 852 $aPUL$W1$xSL Diritto e Scienze Sociali 3$y79$m348. 45 COD 4.1.1$j138912$qDDC 21$B138151$CPULBib$Z2$F138151 $H112727 $82 941 1 $a9 996 $6020$a978-88-598-0377-5$9(OLS)http://pul/number/143810 996 $6082$a347.45$9(OLS)http://pul/classification/384 996 $6245$aCodice commentato dei processi civili davanti al giudice di pace$9(OLS)http://pul/title/152360 996 $6260$aTorino :$bUTET Giuridica$9(OLS)http://pul/publisher/79191 LEADER 01045naa a2200217 u 4500 001 000000095139 003 CaOOAMICUS 005 20220114134645.0 008 040602s1967 gw u000 u ger u 032 $aLibriCat 035 $a10997489 040 $aIAR$bita 100 1 $aMainka, Rudolf Maria,$cC.M.F.$0(OLS)http://pul/name/61051 245 10$aJudaizantentum als Bezeichnung westkirchlicher Eigenheiten im Russland des 16. Jahrhunderts /$cRudolf M. Mainka CMF. 260 $aWiesbaden :$bHarrassowitz,$c1967. 300 $av.3, S. 150-154, ;$c24 cm 773 0 $aGeschichte der Ost- und Westkirche in ihren wechselseitigen Beziehungen. 773 0 $aCongresso internazionale di storia slava.$tActa congressus historiae Slavicae Salisburgensis in memoriam ss. Cyrilli et Methodii anno 1963 celebrati$w()12921 996 $6245$aJudaizantentum als Bezeichnung westkirchlicher Eigenheiten im Russland des 16. Jahrhunderts$9(OLS)http://pul/title/122018 996 $6260$aWiesbaden :$bHarrassowitz$9(OLS)http://pul/publisher/53801